000 00242nam a2200097Ia 4500
001 725682
005 20250826163414.0
008 250824s9999 xx 000 0 und d
245 0 _aAĞAÇTAN GELEN ÇOCUK
_cALİ SAÇIKARA
260 _bATLI KARINCA
999 _c725682
_d725682